000 00836nam a2200241 a 4500
001 000035017
003 DO-SdBNP
005 20260521144507.0
008 111024s1937 mx 000 0 spa d
040 _aDO-SdBNP
_bspa
_cBNPHU
041 1 7 _aspa
_heng
100 1 _aWorrall, Ralph Lyndal
_960637
245 1 3 _aEl panorama de la ciencia /
_cR. L. Worrall ; traducción Ana María Reyna.
260 _aMéxico :
_bPublicaciones de la Universidad Obrera de México,
_c1937.
300 _a246, [2] p. ;
_c20 cm.
500 _aA la cabeza de título: R. L. Worrall.
500 _aTít. original: The outlook of science : modern materialism
504 _aBibliografía: p. [233]-241.
650 2 0 _aFilosofía de la ciencia
_919468
650 2 4 _aMaterialismo
_945622
700 1 _aReyna, Ana María,
_etrad.
_960638
942 _2ddc
_cLBS1
999 _c34508
_d34508